000 00636nam a2200205Ia 4500
001 9584
003 GE_BSU
008 181216s||||||||xx |||||||||||||| ||und||
040 _cGE_BSU
080 _a821.353.1–1
100 _aმჟავია,ქსენია
245 _aხსოვნა.ლექსები
245 _cრედ. ლ.ბეჟანიძე.მხატვ.ნანა სოსელია
260 _aბათუმი
260 _bსაბჭოთა აჭარა
260 _c1988
300 _a69გვ.16სმ.
653 _aხსოვნა.ლექსები
942 _cBK
999 _c42876
_d42876